|
|
|
|
| LEADER |
00000nam0a2200000 4500 |
| 001 |
114093 |
| 005 |
20231031122139.0 |
| 010 |
|
|
|a 5170105975
|
| 035 |
|
|
|a (RuTPU)RU\TPU\book\123388
|
| 090 |
|
|
|a 114093
|
| 100 |
|
|
|a 20070419d2003 cd y0rusy50 ca
|
| 101 |
0 |
|
|a rus
|
| 102 |
|
|
|a RU
|
| 105 |
|
|
|a a z 000zy
|
| 200 |
1 |
|
|a 1000 вопросов шахматиста
|f М. Л. Береславский, Л. Я. Береславский
|
| 210 |
|
|
|a Москва
|c АСТ
|d 2003
|
| 215 |
|
|
|a 206 с.
|c ил.
|
| 330 |
|
|
|a Эта книга откроет тебе удивительный и увлекательный мир шахмат. Она научит тебя играть в эту древнюю игру, которой не перестают увлекаться миллионы людей всех возрастов во всем мире.
|
| 610 |
1 |
|
|a настольные игры
|
| 610 |
1 |
|
|a спорт
|
| 610 |
1 |
|
|a шахматы
|
| 610 |
1 |
|
|a правила игры
|
| 610 |
1 |
|
|a тактика
|
| 610 |
1 |
|
|a шахматные партии
|
| 675 |
|
|
|a 794.1.05
|v 3
|
| 700 |
|
1 |
|a Береславский
|b М. Л.
|g Михаил Леонидович
|
| 701 |
|
1 |
|a Береславский
|b Л. Я.
|g Леонид Яковлевич
|
| 801 |
|
1 |
|a RU
|b 63413507
|c 20070419
|g PSBO
|
| 801 |
|
2 |
|a RU
|b 63413507
|c 20070424
|g PSBO
|
| 942 |
|
|
|c BK
|